Entrepreneurship and Small Business

Gespeichert in:
Bibliographische Detailangaben
1. Verfasser: Burns, Paul
Format: Buch
Sprache:Englisch
Veröffentlicht: New York Palgrave Macmillan 2016
Ausgabe:4th Edition
Schlagworte:
Tags: Tag hinzufügen
Keine Tags, Fügen Sie das erste Tag hinzu!

MARC

LEADER 00000nam a2200000 4500
001 0254557
005 20240226124256.7
020 |a 978-1-137-43035-9 
041 0 |a eng 
044 |a US 
245 1 0 |a Entrepreneurship and Small Business  |c Paul Burns 
250 |a 4th Edition 
264 1 |a New York  |b Palgrave Macmillan  |c 2016 
300 |a 540 s. 
610 2 0 |a podnikanie 
610 2 0 |a podnikanie malé 
610 2 0 |a riadenie podnikové 
610 2 0 |a vzdelávanie 
610 2 0 |a myslenie ekonomické 
610 2 0 |a start-up 
610 2 0 |a modely podniku 
610 2 0 |a riziko podnikateľské 
610 2 0 |a riadenie finančné 
610 2 0 |a rast podniku 
610 2 0 |a plán podnikový 
610 2 0 |a štúdie prípadové 
610 2 0 |a stratégia podniková 
100 1 |a Burns, Paul